Internal Security and Subversion : Principal State Laws and Cases.

Reviews State laws in force in 1964 and judicial decisions through that year concerning internal security and subversion. Topics covered include criminal advocacy, registration, outlawing subversive organizations, loyalty of public officers and employees, exclusion from the bar, and denial of benefi...

Full description

Bibliographic Details
Corporate Authors: Library of Congress. Legislative Reference Service, ProQuest (Firm)
Format: eBook
Language:English
Published: [Place of publication not identified] : [publisher not identified], 1965.
Series:U.S. Congressional Research.
Subjects:
Online Access:Connect to the full text of this electronic book

MARC

Tag First Indicator Second Indicator Subfields
LEADER 00000cam a22000001a 4500
001 in00003361069
006 m d f
007 cr bn mmmapmmp
008 100415s1965 dcu o f000 0 eng d
005 20260430202156.1
035 |a cis2007872644 
040 |a ProQuest  |c ProQuest  |d UtOrBLW 
043 |a n-us--- 
099 |a CRS-1965-AMX-0002 
110 2 |a Library of Congress.  |b Legislative Reference Service. 
245 1 0 |a Internal Security and Subversion :  |b Principal State Laws and Cases. 
264 1 |a [Place of publication not identified] :  |b [publisher not identified],  |c 1965. 
300 |a 1 online resource. 
336 |a text  |b txt  |2 rdacontent 
337 |a computer  |b c  |2 rdamedia 
338 |a online resource  |b cr  |2 rdacarrier 
500 |a Record is based on bibliographic data in ProQuest U.S. Congressional Research Digital Collection (last viewed Apr. 2010). Reuse except for individual research requires license from ProQuest, LLC. 
500 |a CRS Report. 
520 |a Reviews State laws in force in 1964 and judicial decisions through that year concerning internal security and subversion. Topics covered include criminal advocacy, registration, outlawing subversive organizations, loyalty of public officers and employees, exclusion from the bar, and denial of benefits. Includes alphabetical listing of cases. 
500 |a Electronic resource. 
650 0 |a Judge-made law. 
650 0 |a Espionage. 
651 0 |a United States  |x Officials and employees. 
655 7 |a Electronic books.  |2 local 
710 2 |a ProQuest (Firm) 
776 0 8 |i Microfiche version:   |a Library of Congress. Legislative Reference Service.  |t Internal Security and Subversion: 
830 0 |a U.S. Congressional Research. 
856 4 0 |u http://proxy.library.tamu.edu/login?url=https://congressional.proquest.com/congcomp/getdoc?CRDC-ID=CRS-1965-AMX-0002  |z Connect to the full text of this electronic book  |t 0 
999 |a MARS 
999 f f |s 2fe602af-c624-38c5-a570-803b58b127ba  |i a85e6a3a-eb89-3288-862e-29aea344b07c  |t 0 
952 f f |a Texas A&M University  |b College Station  |c Electronic Resources  |s www_evans  |d Available Online  |t 0  |e CRS-1965-AMX-0002  |h Other scheme 
998 f f |a CRS-1965-AMX-0002  |t 0  |l Available Online